000 01318cab a2200241 4500
001 ABS58193
008 090401t1998 xxu||||| |||| 00| 0 eng d
035 _a(Sirsi) u83465
041 _aeng
245 _aStaszewski v Maribella Ltd
260 _c1998
350 _a0
490 _aEstates Gazette
_v[1998] 4 EG 149-155(7)
520 _aCA 7 March 1997. The original owner of a freehold block of flats served tenants an offer notice under Landlord and Tenant Act 1987 s5 offering to dispose of the freehold to them. The tenants failed to nominate a person to act for them within the stipulated time so the freehold was conveyed to the respondent landlord. The terms of disposal did not comply with the offer notice so the tenants served the landlord with a notice under Landlord and Tenant Act 1987 s11 requiring particulars as the the terms of the disposal of the freehold. Dispute as to whether the landlord had complied with Landlord and Tenant Act 1987 s11 in the letter and contract. One of the tenants appealed. Appeal allowed.
650 _aFLATS
650 _aFREEHOLD
650 _aLANDLORD AND TENANT ACT 1987 S11
650 _aRIGHT OF FIRST REFUSAL
650 _aTERMS OF DISPOSAL
690 _aLANDLORD AND TENANT-CASE LAW-RESIDENTIAL TENANCIES
942 _n0
948 _c02/02/1998
999 _c52715
_d52715